000
00312nam a2200145Ia 4500
100
_a
Lal/Jagdish
250
_a
8
942
_c
BK
654
_a
Fluid
245
_a
Fluid Mechanics & Hydraulies
260
_b
Metropolitan Book
_a
New Delhi
_c
1983
082
_a
621.26
_b
LAL
300
_a
1016
546
_a
ENGLISH
999
_c
31821
_d
31821